Viaje al pasado : (Record no. 9391)
[ view plain ]
| 000 -CABECERA | |
|---|---|
| campo de control de longitud fija | 00596cam a2200193 a 4500 |
| 001 - NÚMERO DE CONTROL | |
| campo de control | 000009631 |
| 005 - FECHA Y HORA DE LA ÚLTIMA TRANSACCIÓN | |
| campo de control | 20200929161641.0 |
| 008 - DATOS DE LONGITUD FIJA--INFORMACIÓN GENERAL | |
| campo de control de longitud fija | 751029s1973 ck 000 1 spa |
| 040 ## - FUENTE DE LA CATALOGACIÓN | |
| Centro catalogador/agencia de origen | DO-SdBNP |
| Lengua de catalogación | spa |
| Centro/agencia transcriptor | BNPHU |
| 082 ## - NÚMERO DE LA CLASIFICACIÓN DECIMAL DEWEY | |
| Número de clasificación | Co863.44 |
| Número de documento/Ítem | S718v |
| 100 1# - ENTRADA PRINCIPAL--NOMBRE DE PERSONA | |
| Nombre de persona | Soto Aparicio, Fernando, |
| Fechas asociadas al nombre | 1933- |
| 9 (RLIN) | 24127 |
| 245 10 - MENCIÓN DE TÍTULO | |
| Título | Viaje al pasado : |
| Resto del título | novela / |
| Mención de responsabilidad, etc. | Fernando Soto Aparicio. |
| 260 ## - PUBLICACIÓN, DISTRIBUCIÓN, ETC. | |
| Lugar de publicación, distribución, etc. | Medellín : |
| Nombre del editor, distribuidor, etc. | Bedout, |
| Fecha de publicación, distribución, etc. | 1973. |
| 300 ## - DESCRIPCIÓN FÍSICA | |
| Extensión | 276 p. ; |
| Dimensiones | 19 cm. |
| 490 1# - MENCIÓN DE SERIE | |
| Mención de serie | Bolsilibros Bedout |
| Designación de volumen o secuencia | 75 |
| 650 #4 - PUNTO DE ACCESO ADICIONAL DE MATERIA--TÉRMINO DE MATERIA | |
| Término de materia o nombre geográfico como elemento de entrada | Novela colombiana |
| 9 (RLIN) | 1243 |
| 650 #4 - PUNTO DE ACCESO ADICIONAL DE MATERIA--TÉRMINO DE MATERIA | |
| Término de materia o nombre geográfico como elemento de entrada | Literatura colombina |
| 9 (RLIN) | 24486 |
| 830 #0 - PUNTO DE ACCESO ADICIONAL DE SERIE-TÍTULO UNIFORME | |
| Título uniforme | Bolsilibros Bedout, |
| Designación de volumen o secuencia | 75 |
| 9 (RLIN) | 3750 |
| Estado de retiro | Estado de pérdida | Restricciones de uso | No para préstamo | Código de colección | Localización permanente | Ubicación/localización actual | Ubicación en estantería | Fecha de adquisición | Número de inventario | Total de préstamos | Signatura topográfica completa | Código de barras | Fecha visto por última vez | Precio válido a partir de | Tipo de ítem Koha |
|---|---|---|---|---|---|---|---|---|---|---|---|---|---|---|---|
| Préstamo interno | Monografías: Libros y Folletos | General | General | En catalogación | 30.09.2009 | LF1 | Co863.44 S718v | 9631-10 | 25.06.2020 | 25.06.2020 | Préstamo interno |
